Science Quiz

Random Science or Biology Quiz

The Struggle Is Real - Scientists Quiz Stats

 Plays Quiz Updated Jun 23, 2017

Support Sporcle.
Go Orange.
Score 0/22 Timer 06:00
1 Play Today
% Correct
Charles Darwin
90.7%
Albert Einstein
90.7%
Stephen Hawking
89%
Leonardo da Vinci
88.8%
Isaac Newton
85.5%
Benjamin Franklin
84.4%
Galileo Galilei
82.6%
Marie Curie
82.3%
Alexander Fleming
79.9%
Sally Ride
76.6%
George Washington Carver
73.2%
% Correct
Antoine Lavoisier
71.2%
Dian Fossey
69.9%
Tim Berners-Lee
63.7%
Irene Curie
50.9%
Ada Lovelace
44.7%
Mary Anning
43.7%
Rosalind Franklin
38.6%
Isambard Kingdom Brunel
32.9%
Henry Moseley
30.2%
Clyde Tombaugh
26%
William Thomson
24.5%

You're not logged in!

Compare scores with friends on all Sporcle quizzes.
OR
Log In
Forgot?

From the Vault

US States by Five Letters

by LTH

Sorry Iowa, Ohio, and Utah. You must be 5 letters tall to ride.
Remove Ads.
Support Sporcle.
Get the best of Sporcle when you Go Orange. This ad-free experience offers more features, more stats, and more fun while also helping to support Sporcle. Thank you for becoming a member.

Show Comments

Extras

Top Quizzes Today


Score Distribution

Your Account Isn't Verified!

In order to create a playlist on Sporcle, you need to verify the email address you used during registration. Go to your Sporcle Settings to finish the process.

Report this User

Report this user for behavior that violates our Community Guidelines.

Details: